Loading...
| Fine Arts - Classical Music | 8 | 11.25 | 2,825% | 300% | 225% |
| Fine Arts - Other | 6 | 10.00 | 3,517% | 283% | 150% |
| Fine Arts - Painting & Sculpture | 7 | 12.86 | 2,314% | 500% | 357% |
| History - American | 10 | 10.00 | 1,980% | 230% | 320% |
| History - European | 5 | 14.00 | 3,240% | 720% | 160% |
| History - Other | 6 | 10.00 | 0% | 550% | 283% |
| History - World | 7 | 11.43 | 2,829% | 314% | 243% |
| Literature - American | 5 | 10.00 | 3,960% | 0% | 320% |
| Literature - British | 6 | 8.33 | 2,167% | 150% | 283% |
| Literature - European | 5 | 16.00 | 4,520% | 700% | 180% |
| Literature - World | 7 | 14.29 | 3,929% | 329% | 371% |
| Mythology | 5 | 12.00 | 2,260% | 140% | 440% |
| Other | 6 | 10.00 | 2,700% | 300% | 283% |
| Philosophy | 5 | 12.00 | 3,240% | 160% | 460% |
| Religion | 6 | 10.00 | 2,700% | 417% | 117% |
| Science - Biology | 5 | 14.00 | 3,880% | 120% | 520% |
| Science - Chemistry | 4 | 15.00 | 3,625% | 650% | 200% |
| Science - Other | 5 | 8.00 | 1,620% | 320% | 180% |
| Science - Physics | 10 | 16.00 | 2,790% | 460% | 390% |
| Social Science | 4 | 15.00 | 7,675% | 225% | 225% |